| 000 | 00000nam##2200000za#4500 |
| 001 | 9.530300 |
| 003 | CaOODSP |
| 005 | 20200331230135 |
| 007 | ta |
| 008 | 150406|1998||||xxc||||| f|0| 0 eng|d |
| 020 | |a0-660-60457-4 |
| 040 | |aCaOODSP|beng |
| 041 | |aeng |
| 041 | |afre |
| 043 | |an-cn--- |
| 086 | 1 |aBT31-2/1999-III-19 |
| 110 | 1 |aCanada. |bTreasury Board. |
| 245 | 10|aIndian and Northern Affairs Canada and Canadian Polar Commission |
| 260 | |aOttawa - Ontario : |bTreasury Board of Canada Secretariat |c1998. |
| 300 | |a71p. : |bgraphs, organization chart, tables ; |c28 cm. |
| 490 | 1 |a1998-99 estimates, part III: Report on plans and priorities |
| 546 | |aBilingual |
| 563 | |aSoftcover |
| 590 | |a98-14|b1998-04-03 |
| 776 | 0#|tIndian and Northern Affairs Canada and Canadian Polar Commission, 1998-99 estimates, a report on plans and priorities |w(CaOODSP)9.567629 |
| 776 | 0#|tAffaires indiennes et du Nord Canada et Commission canadienne des affaires polaires, budget des dépenses 1998-1999, rapport sur les plans et les priorités |w(CaOODSP)9.598956 |
| 792 | |tAffaires indiennes et du Nord Canada et Commission canadienne des affaires polaires |efre|w(CaOODSP)9.530301 |
| 830 | #0|a1998-99 estimates, part III: Report on plans and priorities.|w(CaOODSP)9.508960 |